10 x 10 Picross avec 3 vies - "Printemps" - Statistiques

Statistiques générales
  • Ce quiz a été pris 854 fois
  • Le résultat moyen est 57 sur 100
Statistiques - réponses
Réponse % Correct
d
79%
d
78%
d
78%
d
78%
d
75%
d
72%
d
71%
d
71%
d
69%
d
68%
x
67%
d
66%
d
66%
d
66%
x
66%
x
66%
x
64%
d
63%
x
63%
d
62%
d
62%
x
62%
d
61%
d
61%
x
61%
x
61%
x
61%
x
61%
d
60%
d
60%
d
60%
x
60%
x
60%
d
59%
d
59%
d
59%
d
59%
x
59%
x
59%
d
58%
x
58%
x
58%
x
58%
x
58%
d
57%
x
57%
x
57%
x
57%
x
57%
x
56%
x
56%
x
56%
x
56%
x
56%
x
56%
d
55%
d
55%
d
55%
d
55%
x
55%
x
55%
x
55%
d
54%
d
54%
x
54%
x
54%
x
54%
d
53%
d
53%
d
53%
x
53%
x
53%
x
52%
x
52%
d
51%
x
51%
x
51%
x
51%
x
51%
x
51%
x
51%
d
50%
x
50%
d
49%
d
49%
x
49%
d
48%
x
48%
x
48%
x
48%
d
47%
d
47%
x
47%
x
47%
x
47%
d
46%
d
46%
x
46%
x
45%
d
44%
Aucun quiz correspondant
Distribution des résultats
% des personnes avec chaque résultat
Percentile par nombre de réponses
Votre historique - résultats
Vous n’avez pas pris ce quiz